000 01287cam a2200313 a 4500
999 _c126884
_d126884
001 3489445
003 ARRUPE
005 20170904122958.0
008 941214s1995 ne b 001 0beng
010 _a 94046956
020 _a9004102795 (alk. paper)
040 _aDLC
_cDLC
_dDLC
050 0 0 _aBT340
_b.E93 1995
082 0 0 _a232.9/01
_aB
_220
100 1 _aEvans, Craig A.
_920965
245 1 0 _aJesus and his contemporaries :
_bcomparative studies /
_cby Craig A. Evans.
260 _aBoston
_bBrill Academic Publishers, Inc.
_c2001
300 _axiii, 532 p. ;
_c25 cm.
504 _aIncludes bibliographical references (p. [461]-491) and indexes.
600 0 0 _aJesus Christ
_xBiography
_xPublic life.
_935576
600 0 0 _aJesus Christ
_xFriends and associates.
_97401
600 0 0 _aJesus Christ
_xHistoricity.
_9558
650 0 _aMessiah.
_935577
830 0 _aArbeiten zur Geschichte des antiken Judentums und des Urchristentums ;
_vBd. 25.
_935578
906 _a7
_bcbc
_corignew
_d1
_eocip
_f19
_gy-gencatlg
942 _2lcc
_cMONOGRAPH